000 00921nam a22003137a 4500
001 BR6009156
003 BR-BrBNA
005 20230928083318.0
007 ta
008 230509b bl.||||| |||| 00| 0 por d
040 _aBR-BrBNA
_bpor
_cBiblioteca Nacional de Agricultura
041 _a(Por)
072 _aN10
_b9400
_b4400
_b/G514
090 _ 9400 BR6009156
110 1 _aCooperativa Central dos Produtores de Leite Ltda., Rio de Janeiro, RJ (Brasil)
_92830
245 1 _aFabrica Veiga Soares. Viana, Espirito Santo [Brasil]
260 3 _aRio de Janeiro, RJ (Brasil):
_c[nd].
300 _a8 p.
500 _aPhotographies only
650 _aEngenharia agricola
650 _aProduto derivado do Leite
650 _aFabrica
650 _aLaticinio
650 _aInstalacao agricola
650 _aMaquina agricola
650 _aEspirito Santo
909 _a202309
_bLucia
_c55
_dLucia Elande
942 _cBK
999 _c12738
_d12738